Most Populous Islands of Italy - Statistics

General Stats
  • This quiz has been taken 287 times
    267 since last reset
  • The average score is 4 of 10
Answer Stats
Population Island % Correct
5,015,000 Sicily
98%
1,656,000 Sardinia
96%
32,000 Elba
70%
12,000 Capri
61%
63,000 Ischia
40%
58,000 Venezia
40%
18,000 Lido
12%
44,000 Chioggia
4%
19,000 Gallipoli
4%
30,000 Isola delle Palme
1%
No matching quizzes found
Score Distribution
Percent of People with Each Score
Percentile by Number Answered
Your Score History
You have not taken this quiz since the last reset